Представление документа в формате MARC21

Поле Инд. ПП Название Значение
Тип записи a
Библиографический уровень b
001 Контрольный номер RU/IS/BASE/289561920
005 Дата корректировки 20200522191309.8
008 Кодируемые данные 20090305
040 b Код языка каталог. rus
e Правила каталог. PSBO
041 0_ a Код языка текста rus
084 a Индекс другой классификации/Индекс ББК 85.373(4Ита); 85.374.0,4
100 1_ a Автор Альбертацци Б.
245 10 a Заглавие Сценарий как структура, "стремящаяся стать другой структурой"
504 a Библиография Библиогр. - Примеч.: с. 32 - 33
650 04 a Основная рубрика искусство
a Основная рубрика история киноискусства
a Основная рубрика киноискусство
653 0_ a Ключевые слова XX век
a Ключевые слова Италия
a Ключевые слова кинодраматургия
a Ключевые слова киносценарии
a Ключевые слова киносценаристы
a Ключевые слова немое кино
a Ключевые слова сценарии
a Ключевые слова язык автора
773 08 t Заглавие источника Вестник Московского университета. Серия 9, Филология
d Дата издания источника 2008
g Прочая информация № 2. - С. 26 - 33
w Контрольный № источника RU/IS/BASE/286474537
901 t Тип документа b